00521nam a2200145Ia 4500008004100000040001700041041001200058082001600070245007600086260005700162300001100219942000700230952011900237999001900356230917s9999||||xx |||||||||||||| ||und|| e184599aMAIN aEnglish a34:368 E71E 0aKaramchari rajya beema adhiniyam, 1948 (1948 ka adhiniyam sankhyank 34) aNew DelhibGovt. of India, Controller of Pressc1978 a136 p. cBK 001040634368_E71E709354255aMAINbMAINd2011-05-31l0o34:368 E71Ep85803r2023-09-17 22:09:38w2023-09-17yBK c220416d220416